[Event "Finistere-chB 0405"]
[Site "Finistere"]
[Date "2005.05.03"]
[Round "6"]
[White "Treguer, Daniel"]
[Black "Merlet, Louis"]
[Result "1-0"]
[WhiteElo "1840"]
[BlackElo "1500"]
[PlyCount "61"]
[EventDate "2004.10.16"]
[EventType "swiss"]
[EventRounds "7"]
[EventCountry "FRA"]
[SourceTitle "EXT 2007"]
[Source "ChessBase"]
[SourceDate "2006.11.23"]
[SourceVersion "1"]
[SourceVersionDate "2006.11.23"]
[SourceQuality "1"]

1. e4 e5 2. Nf3 Nc6 3. Bb5 a6 4. Bxc6 bxc6 5. 0-0 d6 6. d4 Bg4 7. dxe5 Bxf3 8. Qxf3 dxe5 9. Be3 Rb8 10. b3 Be7 11. Nd2 Nf6 12. Rfd1 Nd7 13. Nc4 Bf6 14. Na5 Rb5 15. Nxc6 Qa8 16. a4 Rb7 17. Qf5 Nb6 18. Nxe5 0-0 19. Rab1 Qe8 20. Nd3 Qc6 21. Nc5 Rbb8 22. a5 Rbd8 23. axb6 cxb6 24. Nd7 Rfe8 25. Nxf6+ Qxf6 26. Qxf6 Rxd1+ 27. Rxd1 gxf6 28. Bh6 Rb8 29. c4 Ra8 30. b4 Rb8 31. c5 1-0

[Event "Finistere-chT 0304"]
[Site "Finistere"]
[Date "2003.10.18"]
[Round "1.6"]
[White "Merlet, Louis"]
[Black "Cozien, Michel"]
[Result "0-1"]
[WhiteElo "1440"]
[BlackElo "1780"]
[PlyCount "92"]
[EventDate "2003.10.??"]
[EventType "team-swiss"]
[EventRounds "6"]
[EventCountry "FRA"]
[SourceTitle "EXT 2005"]
[Source "ChessBase"]
[SourceDate "2004.11.15"]
[SourceVersion "1"]
[SourceVersionDate "2004.11.15"]
[SourceQuality "1"]

1. e4 c5 2. Bc4 Nc6 3. Nc3 e6 4. Nf3 a6 5. a3 b5 6. Ba2 Bb7 7. d3 Nge7 8. Bg5 Qc7 9. Bh4 Ng6 10. Bg3 Bd6 11. Qe2 Bxg3 12. hxg3 Nd4 13. Nxd4 cxd4 14. Nd1 Rc8 15. c3 Qa5 16. b4 Qxa3 17. cxd4 Qxb4+ 18. Kf1 Qxd4 19. Rb1 Ne5 20. Nb2 Rc3 21. Rd1 a5 22. f4 Ng6 23. Rh5 Bc6 24. Bb1 a4 25. Re1 a3 26. Nd1 Rc1 27. Ne3 Rxe1+ 28. Qxe1 0-0 29. Qe2 b4 30. Ba2 Rb8 31. Bb3 Rb5 32. Kf2 Rxh5 33. Qxh5 Qb2+ 34. Bc2 b3 35. Qc5 bxc2 36. Nxc2 a2 37. Kf3 Qb5 38. Qc3 h6 39. Qa3 d5 40. Ne3 dxe4+ 41. dxe4 Qa4 42. Qxa4 Bxa4 43. g4 a1Q 44. g3 Bd1+ 45. Nxd1 Qxd1+ 46. Ke3 Qxg4 0-1